000 00380nam a2200145Ia 4500
008 230917s9999||||xx |||||||||||||| ||und||
040 _e5044
_aMAIN
041 _aEnglish
082 _a574.05683 B645O
100 _aBorisov, S N
245 0 _aOrganosilicon heteropolymer's and heterocompounds
260 _aNew York
_bPlenum Press
_c1970
300 _axxi, 633 p.
942 _cBK
999 _c219752
_d219752